Nevada's original 9 counties - Statistics

General Stats
  • This quiz has been taken 5 times
  • The average score is 6 of 9
Answer Stats
Answer % Correct
Douglas
100%
Lyon
100%
Storey
100%
Churchill
80%
Humboldt
80%
Washoe
80%
Esmeralda
60%
Lake (Roop)
20%
Ormsby
20%
No matching quizzes found
Score Distribution
Percent of People with Each Score
Percentile by Number Answered
Your Score History
You have not taken this quiz